Enfermería materno-infantil

Gespeichert in:
Bibliographische Detailangaben
Hauptverfasser: Lowdermilk, Deitra Leonard (autor), Perry, Shannon E (VerfasserIn), Bobak, Irene M (VerfasserIn)
Format: Buch
Sprache:Spanisch
Veröffentlicht: Barcelona Océano 2002
Ausgabe:1a. ed
Schlagworte:
Tags: Tag hinzufügen
Keine Tags, Fügen Sie den ersten Tag hinzu!

MARC

LEADER 00000nam a2200000 a 4500
001 UCH9175
003 CL-VaPUC
008 091224e20020000SP |||||||||||||||||spa|d
020 |a 8449421691o.c 
020 |a 8449421705v.1 
020 |a 8449421713v.2 
082 0 4 |a 610  |b LOW  |2 21 
100 |a Lowdermilk, Deitra Leonard  |e autor  |9 591073 
700 0 |a Perry, Shannon E  |e author  |9 546121 
700 0 |a Bobak, Irene M  |e author  |9 546122 
245 1 0 |a Enfermería materno-infantil 
250 |a 1a. ed 
300 |a 2 v 
942 |c BK 
945 |d 20091224 00:00:00  |a cmena 
260 |a Barcelona  |b Océano  |c 2002 
650 7 |a EMBARAZO  |2 CL-VaPUC  |9 308235 
650 7 |a ENFERMERIA  |2 CL-VaPUC  |9 358289 
650 7 |a GINECOLOGIA  |2 CL-VaPUC  |9 370900 
650 0 |a Maternidad  |9 335758 
650 7 |a OBSTETRICIA  |2 CL-VaPUC  |9 310890 
650 7 |a CUIDADO PRENATAL  |2 CL-VaPUC  |9 309373 
650 0 |a Recién nacido  |9 451449 
650 0 |a Mujeres  |9 257649 
650 7 |a PARTO NORMAL  |2 CL-VaPUC  |9 546123 
583 |a last modification  |c 20091224 00:00:00  |k Rodrigo Vera 
999 |c 339236  |d 339234 
952 |0 0  |1 0  |4 0  |6 610_000000000000000_LOW_2002  |7 0  |8 C  |9 432751  |a BIBCUR  |b BIBCUR  |d 2019-11-22  |h v.1  |i 4582330  |o 610 LOW 2002  |p 4582330  |r 2025-04-22  |w 2019-11-22  |y BK  |k CAC 
952 |0 0  |1 0  |4 0  |6 610_000000000000000_LOW_2002  |7 0  |8 C  |9 432752  |a BIBCUR  |b BIBCUR  |d 2019-11-22  |h v.2  |i 4582349  |o 610 LOW 2002  |p 4582349  |r 2025-04-22  |w 2019-11-22  |y BK  |k CAC